Responses for show #864 - Thursday, May 12, 1988

1988 Senior Tournament quarterfinal game 4.

Contestants

Don Maynard, a director of regulatory affairs from Cary, North Carolina

Ed Cohen, a synagogue administrator from Daly City, California

Ross Cameron, a student from Vallejo, California

Jeopardy! Round responses

THE 1880s
WEAPONS
CHOCOLATE
SCIENCE
EUROPEAN MUSEUMS
ACTRESSES' REAL NAMES
    $100 8
malt

Don
    $100 23
net

Don
    $100 5
milk chocolate

Ed
    $100 9
10

Don
    $100 3
Donna Reed

Ed
    $200 18
Geronimo

Ed
    $200 1
aircraft

Ross
    $200 6
(Ross: What is Switzerland?)

Spain

Ross
Triple Stumper
    $200 10
lightning

Ed
    $200 22
Athens

Don
    $200 4
Marilyn Monroe

Ed
    $300 24
National Geographic Society

Ross
    $300 2
gunpowder

Ed
    $300 27
(Ed: What is Argentina?)
...
(Alex: We've got less than a minute to go.)

Brazil

Ed
Triple Stumper
    $300 14
magnetic

Ross
    $300 21
Prado

Ed
    $300 7
Linda Darnell

Ed
    $400 25
(Ed: Who is, uh, Lister?)
(Don: Who is Jenner?)

Louis Pasteur

EdDon
Triple Stumper
    $400 13
(Don: What is a bolo?)
[Don's response was changed from correct to incorrect after the break.]

bola

Don
Triple Stumper
    $400 28
(Don: What is Godiva?)
(Ed: What is Whitman?)

Russell Stover

EdDon
Triple Stumper
    $400 16
Newton

Ross
    $400 20
(Don: What is Venice?)

Florence

EdDon
    $400 11
Anna May Wong

Ed
    $500 26
Austria-Hungary

Ross
    $800 15
Second Amendment

Ross
    $500 29
[The end of the round sound signals.]

cocoa butter

Ross
    $500 17
telescope (observatory)

Ross
    $500 19
Tussaud

Ross
    $500 12
Errol Flynn

Ross

Scores at the first commercial break (after clue 15):

Ross Ed Don
$1,600 $1,600 -$200

Scores at the end of the Jeopardy! Round:

Ross Ed Don
$4,300 $1,400 -$1,100

Double Jeopardy! Round responses

MYTHOLOGY
BODIES OF WATER
"HOUSE"s
GOLDEN OLDIES
LITERARY CLASSICS
DIRECTORS' REAL NAMES
    $200 19
Pan

Ross
    $200 1
Superior

Ed
    $200 2
Appomattox Court House

Ed
    $200 15
[ERRATUM: The correct lyric is "we're too young".]

we are too young

Ed
    $200 18
The Mill on the Floss

Ed
    $200 10
Billy Wilder

Ed
    $400 20
Neptune

Ross
    $400 4
Gulf of Tonkin

Don
    $400 25
Blair House

Ross
    $400 7
standing on the corner

Ed
    $400 17
Somerset Maugham

Ross
    $400 11
Busby Berkeley

Ross
    $600 21
Ishtar

Don
    $600 5
Australia

Ross
    $600 26
in my Father's house

Ed
    $600 16
Paul Anka

Triple Stumper
    $600 3
Little Lord Fauntleroy

Don
    $600 12
(Don: Who is Samuel Goldwyn?)

Cecil B. DeMille

RossDon
    $800 22
(Ed: Uh, who was the, um, oh... I'm sorry?)

Vesta

Ed
Triple Stumper
    $2,000 6
4

Ross
    $800 27
"Wheel of Fortune"

Ross
    $800 8
(Alex: Written by Johann Wyss in [*].)

German

Triple Stumper
    $800 13
Elaine May

Ed
    $1000 23
Hercules

Triple Stumper
    $1000 24
(Ed: Uh, what are, uh, Elba & Corsica?)

(2 of) Sicily & Corsica (or Sardinia)

EdDon
    $1000 29
[The end of the round sound signals.]

House of David

Ed
    $4,000 28
(Ross: What is "A Man is a Man"?)
(Alex: That's okay, you're still in the lead and we've got less than a minute to go.)

"A Guy is a Guy"

Ross
    $1000 9
The Master of Ballantrae

Triple Stumper
    $1000 14
John Ford

Ed

Scores at the end of the Double Jeopardy! Round:

Ross Ed Don
$6,100 $4,400 $900

Final Jeopardy! Round responses

PRESIDENTS
DonWho was Eisenhower?
$900
EdWho was Truman?
$4,400
RossWho was Truman
$2,701
Truman

Final scores:

Ross Ed Don
$8,801 $8,800 $0
Automatic semifinalist 2nd place: $1,000 if eliminated 3rd place: $1,000 if eliminated

Game dynamics:

Coryat scores:

Ross Ed Don
$8,600 $4,400 $900
19 R
(including 2 DDs),
2 W
(including 1 DD)
20 R,
5 W
8 R,
5 W

Combined Coryat: $13,900

The J! Archive is created by fans, for fans. The Jeopardy! game show and all elements thereof, including but not limited to copyright and trademark thereto, are the property of Jeopardy Productions, Inc. and are protected under law. This website is not affiliated with, sponsored by, or operated by Jeopardy Productions, Inc. Join the discussion at JBoard.tv.